000 00727nam a2200289Ia 4500
005 20260324142731.0
008 008 260324s9999 xx 000 0 eng d
020 _a9780203168301
037 _aEBOOK
040 _aCRL
040 _beng
040 _cCRL
041 _2eng
041 _aeng
084 _qCRL
100 _aHenriette Walter
_91213047
245 0 _aFrench Inside Out
245 4 _bThe Worldwide Development of the French Language in the Past, the Present and the Future
260 _bTaylor and Francis
260 _c1994
365 _a
365 _b230
856 _uhttp://www.taylorfrancis.com/books/9780203168301
942 _cEBOOK
999 _c1817577
_d1817577